00577nam a2200193Ia 450000500170000000800410001702000150005808200230007310000160009624500590011226000400017130000180021165000100022965000130023965000110025294200060026395200990026999900150036820250325044901.0240331s9999 xx 000 0 und d a0415903203 a302.234bDOA23944 aDoane, M. A 0aFemme Fatales :bFeminism, Film Theory, Psychoanalysis aLondon;aNew York,bRoutledgec1991 aviii, 311 p., aWomen aFeminism aCinema cL 001040708LaWERCLbWERCLcSSCd2024-03-31l0o 302.234 DOAp3944r2024-03-31w2024-03-31yL c1154d1154